[Event "British Chess Championships 2023: Major Open"]
[Site "The Venue, De Montfort University, 20 Western Boulevard, Leicester, LE2 7BU"]
[Date "2023.07.28"]
[Round "7"]
[Board "21"]
[White "Sivanandan, Bodhana"]
[Black "Lee, Alexandre Km"]
[Result "0-1"]
[WhiteElo "1834"]
[BlackElo "1693"]
[PlyCount "146"]
[EventDate "2023.07.22"]
[EventRounds "9"]
[EventCountry "ENG"]

1. e4 e6 2. d4 d5 3. Nd2 Nf6 4. e5 Nfd7 5. Bd3 c5 6. c3 Nc6 7. Ne2 cxd4 8. cxd4
f6 9. exf6 Nxf6 10. O-O Qc7 11. Nf3 Bd6 12. Ng3 O-O 13. Bd2 Bd7 14. Bc3 Rae8
15. Rc1 Qb8 16. Re1 e5 17. dxe5 Nxe5 18. Nxe5 Bxe5 19. Bxe5 Rxe5 20. h3 Rxe1+
21. Qxe1 Qf4 22. Rd1 Bc6 23. Qd2 Qxd2 24. Rxd2 Re8 25. Kf1 g6 26. Ne2 Nd7 27.
Nd4 Nc5 28. Be2 Ne6 29. Nxe6 Rxe6 30. Bf3 Re5 31. Rd4 Kf7 32. Be2 Ke7 33. f3
Kd6 34. b4 Re3 35. f4 Ra3 36. Rd2 Ra4 37. Rb2 a5 38. bxa5 Rxf4+ 39. Ke1 Ra4 40.
Bd1 Rxa5 41. Rf2 d4 42. Bb3 Rf5 43. Rd2 Rf4 44. Bg8 h6 45. g3 Re4+ 46. Kf2 Ke5
47. Rd3 Bb5 48. Rd2 d3 49. Bf7 g5 50. Bh5 Rc4 51. Bd1 Kd4 52. Bb3 Rc1 53. Rd1
Rxd1 54. Bxd1 Kc3 55. Ke3 Bc4 56. a3 Bb3 57. Bxb3 Kxb3 58. Kxd3 Kxa3 59. Ke4 b5
60. Kf5 b4 61. Kg6 b3 62. Kxh6 b2 63. Kxg5 b1=Q 64. h4 Qb5+ 65. Kg4 Qe5 66. h5
Qf6 67. Kh3 Qg5 68. g4 Kb3 69. Kg3 Kc3 70. Kf3 Kd3 71. Kg3 Ke3 72. Kh3 Kf2 73.
Kh2 Qh4#  0-1

[Event "British Chess Championships 2023: Major Open"]
[Site "The Venue, De Montfort University, 20 Western Boulevard, Leicester, LE2 7BU"]
[Date "2023.07.28"]
[Round "7"]
[Board "22"]
[White "Bennett, Max"]
[Black "Garnett, John S"]
[Result "1/2-1/2"]
[WhiteElo "1583"]
[BlackElo "1831"]
[PlyCount "88"]
[EventDate "2023.07.22"]
[EventRounds "9"]
[EventCountry "ENG"]

1. e4 d5 2. exd5 Nf6 3. Bb5+ Nbd7 4. c4 a6 5. Ba4 b5 6. cxb5 Nxd5 7. Nf3 N5b6
8. Bb3 e6 9. Qe2 axb5 10. d4 c5 11. d5 c4 12. dxe6 Bb4+ 13. Nc3 fxe6 14. Qxe6+
Be7 15. Ng5 Nc5 16. Qf7+ Kd7 17. O-O Rf8 18. Rd1+ Nd3 19. Qxg7 Kc6 20. Nf3 Rxf3
21. Bxc4 bxc4 22. gxf3 Bf6 23. Qf7 Bd4 24. Ne4 Nxf2 25. Rxd4 Nh3+ 26. Kg2 Qxd4
27. Bd2 Rxa2 28. Bc3 Qxc3 29. Nxc3 Rxa1 30. Qf6+ Kb7 31. Kg3 Rg1+ 32. Kh4 Rg2
33. Ne4 Ng1 34. Nc5+ Kc7 35. Qe5+ Kc6 36. Qe3 Nd5 37. Qe8+ Kxc5 38. Qxc8+ Kd4
39. Qh8+ Kc5 40. Qf8+ Kc6 41. Qa8+ Kd6 42. Qf8+ Ke6 43. Qc8+ Ke5 44. Qe8+ Kd6
 1/2-1/2

[Event "British Chess Championships 2023: Major Open"]
[Site "The Venue, De Montfort University, 20 Western Boulevard, Leicester, LE2 7BU"]
[Date "2023.07.28"]
[Round "7"]
[Board "23"]
[White "Kothari, Jai"]
[Black "Rice, Chris B"]
[Result "1/2-1/2"]
[WhiteElo "1782"]
[BlackElo "1892"]
[PlyCount "121"]
[EventDate "2023.07.22"]
[EventRounds "9"]
[EventCountry "ENG"]

1. e4 c6 2. d4 d5 3. exd5 cxd5 4. Bd3 Nc6 5. c3 Nf6 6. Bf4 Bg4 7. Qb3 Qd7 8.
Nd2 e6 9. Ngf3 Bxf3 10. Nxf3 Bd6 11. Bxd6 Qxd6 12. O-O O-O 13. Rae1 Qc7 14. Ne5
Nxe5 15. dxe5 Nd7 16. f4 Nc5 17. Qc2 Nxd3 18. Qxd3 Rac8 19. h4 Qc4 20. Qg3 f5
21. exf6 Rxf6 22. f5 Rcf8 23. Kh2 exf5 24. Re7 Rg6 25. Qe1 Qg4 26. Qf2 Rh6 27.
Kg1 Rxh4 28. Qf3 Qc4 29. Rxb7 a6 30. Qf2 Rg4 31. Rb4 Qc8 32. Rb6 Re4 33. Rd6
Qc4 34. b3 Qxc3 35. Rxd5 Re5 36. Rd6 a5 37. Rfd1 Qc5 38. Qxc5 Rxc5 39. Ra6 Re8
40. Ra7 f4 41. Rdd7 Rg5 42. Kf2 h6 43. Rac7 Ree5 44. Rd8+ Kh7 45. Rc4 Rc5 46.
Rdd4 Rxc4 47. Rxc4 Rd5 48. Rxf4 Rd2+ 49. Kg1 Rxa2 50. Rf5 Kg6 51. Rb5 Kf6 52.
Kh2 Ra3 53. g3 g6 54. Kh3 Ra1 55. Rc5 h5 56. Rb5 Ra2 57. g4 hxg4+ 58. Kxg4 Rg2+
59. Kf3 Rg5 60. Rb6+ Kf7 61. b4  1/2-1/2

[Event "British Chess Championships 2023: Major Open"]
[Site "The Venue, De Montfort University, 20 Western Boulevard, Leicester, LE2 7BU"]
[Date "2023.07.28"]
[Round "7"]
[Board "24"]
[White "Larkin, Benjamin"]
[Black "Isik, Muhammed Oguz"]
[Result "1/2-1/2"]
[WhiteElo "1850"]
[BlackElo "1701"]
[PlyCount "76"]
[EventDate "2023.07.22"]
[EventRounds "9"]
[EventCountry "ENG"]

1. e4 e6 2. d4 d5 3. Nc3 Bb4 4. exd5 exd5 5. Bd3 Nf6 6. Qf3 O-O 7. Nge2 Re8 8.
O-O c6 9. a3 Bd6 10. h3 h6 11. Bf4 b6 12. Rfe1 Ba6 13. Bxa6 Nxa6 14. Ng3 Bxf4
15. Qxf4 Nc7 16. Rxe8+ Nfxe8 17. Re1 Ne6 18. Qd2 Nd6 19. b3 Qf6 20. Nce2 Nb5
21. c4 Nbxd4 22. cxd5 Nxb3 23. Qe3 Nec5 24. dxc6 Qxc6 25. Nf5 Qe4 26. Qxe4 Nxe4
27. Nf4 Nec5 28. Re7 a6 29. Nh5 Ne6 30. Nd6 Rf8 31. Nxf7 Rxf7 32. Rxe6 Rb7 33.
Nf4 Nc5 34. Rc6 Na4 35. Nd5 a5 36. Rc4 b5 37. Rc8+ Kf7 38. Ra8 Nb6  1/2-1/2

[Event "British Chess Championships 2023: Major Open"]
[Site "The Venue, De Montfort University, 20 Western Boulevard, Leicester, LE2 7BU"]
[Date "2023.07.28"]
[Round "7"]
[Board "25"]
[White "Sinclair, Colin"]
[Black "Freeman, Ashley"]
[Result "1/2-1/2"]
[WhiteElo "1652"]
[BlackElo "1846"]
[PlyCount "78"]
[EventDate "2023.07.22"]
[EventRounds "9"]
[EventCountry "ENG"]

1. b3 f5 2. Bb2 Nf6 3. Bxf6 exf6 4. c4 Nc6 5. Nc3 Bc5 6. e3 O-O 7. Nh3 Re8 8.
Be2 Nb8 9. O-O c6 10. Nf4 g6 11. a3 a5 12. d4 Bf8 13. d5 Qc7 14. h4 Na6 15. Bd3
Nc5 16. Bc2 Bd6 17. Qf3 Be5 18. Nfe2 Ne4 19. Bxe4 fxe4 20. Nxe4 Bxa1 21. Rxa1
Rf8 22. d6 Qd8 23. Rb1 b6 24. N2c3 f5 25. Ng5 Ba6 26. Qf4 Qf6 27. Na4 Rab8 28.
c5 bxc5 29. Nxc5 Bc8 30. Qc4+ Kg7 31. Rd1 h6 32. Nf3 g5 33. h5 Re8 34. Nd4 Rb6
35. f4 Rxe3 36. Qc2 Re1+ 37. Rxe1 Qxd4+ 38. Kh1 Qxd6 39. Qxf5 Qf6  1/2-1/2

[Event "British Chess Championships 2023: Major Open"]
[Site "The Venue, De Montfort University, 20 Western Boulevard, Leicester, LE2 7BU"]
[Date "2023.07.28"]
[Round "7"]
[Board "26"]
[White "Lishoy Gengis Paratazham, Dildarav"]
[Black "Gibson, Christopher A"]
[Result "0-1"]
[WhiteElo "1618"]
[BlackElo "1820"]
[PlyCount "110"]
[EventDate "2023.07.22"]
[EventRounds "9"]
[EventCountry "ENG"]

1. e4 c5 2. d3 Nc6 3. g3 e6 4. Bg2 d5 5. Nd2 Nf6 6. f4 dxe4 7. dxe4 b6 8. Ngf3
Ba6 9. c4 Qd3 10. Qe2 Nb4 11. Qxd3 Nxd3+ 12. Ke2 Rd8 13. Ne1 Nb4 14. b3 Be7 15.
Bb2 O-O 16. a3 Nc6 17. Rd1 Na5 18. e5 Ng4 19. Bf3 Nh6 20. Kf2 Rd7 21. Nc2 Rfd8
22. Bc1 g5 23. Be2 Bb7 24. Rhg1 Nf5 25. b4 cxb4 26. axb4 Nc6 27. b5 Bc5+ 28.
Kf1 Ncd4 29. Nxd4 Ne3+ 30. Kf2 Bxd4 31. Nb3 Nxd1+ 32. Kf1 Bxg1 33. Kxg1 Nc3 34.
Bg4 gxf4 35. Bxf4 Ne4 36. h4 Rd3 37. Nc1 Rc3 38. h5 Nxg3 39. Kh2 Rd4 40. Bxg3
Rxg4 41. Ne2 Rcxc4 42. Kh3 Rge4 43. Nf4 Rxf4 44. Bxf4 Rxf4 45. h6 Rb4 46. Kg3
Rxb5 47. Kf2 Rxe5 48. Kg3 b5 49. Kf4 f6 50. Kg4 b4 51. Kg3 b3 52. Kg4 b2 53.
Kh4 b1=Q 54. Kg4 Qg6+ 55. Kf4 Qg5#  0-1

[Event "British Chess Championships 2023: Major Open"]
[Site "The Venue, De Montfort University, 20 Western Boulevard, Leicester, LE2 7BU"]
[Date "2023.07.28"]
[Round "7"]
[Board "28"]
[White "Macqueen, Andrew"]
[Black "Whittington, Reece W"]
[Result "1-0"]
[WhiteElo "1759"]
[BlackElo "1624"]
[PlyCount "97"]
[EventDate "2023.07.22"]
[EventRounds "9"]
[EventCountry "ENG"]

1. e4 e6 2. d4 d5 3. Nd2 Nf6 4. e5 Nfd7 5. f4 c5 6. Ndf3 Nc6 7. c3 Qb6 8. a3 a5
9. h4 cxd4 10. Nxd4 Bc5 11. Ngf3 O-O 12. Bd3 Re8 13. Bc2 f5 14. g4 fxg4 15. Ng5
Nf8 16. Nxc6 Bf2+ 17. Kf1 bxc6 18. Qxg4 Ba6+ 19. Kg2 Be3 20. h5 h6 21. Nh3 Bxc1
22. Raxc1 Qxb2 23. Rhg1 Ra7 24. a4 Bd3 25. Kg3 Bxc2 26. Qe2 Qxc3+ 27. Kh4 Qd3
28. Qf2 Ree7 29. Rxc2 Qa6 30. Qc5 Rac7 31. Nf2 Rf7 32. Nh3 Qa7 33. Qxa7 Rxa7
34. Rxc6 Rfb7 35. Ra1 Rb4 36. Kg3 Kf7 37. Nf2 g6 38. hxg6+ Nxg6 39. Rh1 Re7 40.
Rxh6 Nxf4 41. Rf6+ Ke8 42. Rxf4 Rg7+ 43. Ng4 Rb3+ 44. Kf2 Rb2+ 45. Ke3 Rb3+ 46.
Kd2 Kd7 47. Ra6 Rg5 48. Rf7+ Ke8 49. Rh7  1-0

[Event "British Chess Championships 2023: Major Open"]
[Site "The Venue, De Montfort University, 20 Western Boulevard, Leicester, LE2 7BU"]
[Date "2023.07.28"]
[Round "7"]
[Board "29"]
[White "Twisk, Sebastian"]
[Black "Sheikh, Anum"]
[Result "1-0"]
[WhiteElo "1599"]
[BlackElo "1744"]
[PlyCount "79"]
[EventDate "2023.07.22"]
[EventRounds "9"]
[EventCountry "ENG"]

1. e4 c5 2. c3 e5 3. Nf3 Nc6 4. Bb5 Nf6 5. O-O Be7 6. Re1 Qc7 7. Na3 O-O 8. Nc2
d6 9. h3 Bd7 10. d4 a6 11. Bf1 cxd4 12. cxd4 Rac8 13. Bd2 b5 14. a4 Qb7 15.
axb5 axb5 16. d5 Na7 17. Bd3 Ra8 18. Qe2 Rfb8 19. Bb4 Nc8 20. Na3 Ra4 21. Nc2
Rba8 22. Kh2 g6 23. Ra3 Nxe4 24. Bxe4 f5 25. Nxe5 dxe5 26. d6 Qxe4 27. Qxe4
fxe4 28. dxe7 Kf7 29. Rxe4 Nb6 30. Rxe5 Nc4 31. Rf3+ Kg7 32. Re1 Re8 33. Rf8
Ra2 34. Bc3+ Kh6 35. Nb4 Raa8 36. Rxe8 Bxe8 37. Nd5 Rc8 38. Nf6 g5 39. Nxe8
Rxe8 40. Re6+  1-0

[Event "British Chess Championships 2023: Major Open"]
[Site "The Venue, De Montfort University, 20 Western Boulevard, Leicester, LE2 7BU"]
[Date "2023.07.28"]
[Round "7"]
[Board "30"]
[White "Pattni, Kishan"]
[Black "Davis, Timothy J"]
[Result "1/2-1/2"]
[WhiteElo "1593"]
[BlackElo "1737"]
[PlyCount "139"]
[EventDate "2023.07.22"]
[EventRounds "9"]
[EventCountry "ENG"]

1. f4 Nf6 2. b3 g6 3. Bb2 Bg7 4. Nf3 O-O 5. e3 d5 6. h3 Ne4 7. Bxg7 Kxg7 8. d3
Ng3 9. Rg1 c6 10. Kf2 Nxf1 11. Qxf1 Nd7 12. Nbd2 f6 13. g4 e5 14. f5 Qb6 15.
Re1 Re8 16. Qg2 Nf8 17. g5 Bxf5 18. gxf6+ Kxf6 19. Qg5+ Kf7 20. Nh4 Qd8 21.
Nxf5 Qxg5 22. Rxg5 gxf5 23. Rxf5+ Ke6 24. Rh5 Re7 25. d4 e4 26. Rg1 Ng6 27. c4
Rf7+ 28. Ke2 Rg8 29. Rgg5 Ne7 30. Rxg8 Nxg8 31. Nf1 Nf6 32. Rg5 Rf8 33. Ng3 Rg8
34. Re5+ Kf7 35. Kf2 Re8 36. Rf5 Kg6 37. Kg2 h5 38. Rf4 Rg8 39. Nf5 Kf7+ 40.
Kf2 Ke6 41. c5 b5 42. Nd6 b4 43. Rf5 a5 44. Re5+ Kd7 45. Nf5 Ra8 46. Re7+ Kd8
47. Re6 Nd7 48. Rxc6 a4 49. Rd6 axb3 50. axb3 Ra2+ 51. Ke1 Ra1+ 52. Kd2 Ra2+
53. Kc1 Rf2 54. Rxd5 Kc7 55. Ng3 Rf3 56. Nxh5 Rxh3 57. Rg5 Rxe3 58. Rg3 Rxg3
59. Nxg3 Kc6 60. Kd2 Kd5 61. Ke3 Nf6 62. Ne2 Ng4+ 63. Kf4 Nf2 64. Ng3 Nd3+ 65.
Ke3 Nc1 66. Nxe4 Nxb3 67. Nf6+ Kc6 68. Kd3 Nxc5+ 69. Kc4 b3 70. Kc3  1/2-1/2

[Event "British Chess Championships 2023: Major Open"]
[Site "The Venue, De Montfort University, 20 Western Boulevard, Leicester, LE2 7BU"]
[Date "2023.07.28"]
[Round "7"]
[Board "31"]
[White "Dayal, Samar"]
[Black "Graham, Danny"]
[Result "1-0"]
[WhiteElo "1433"]
[BlackElo "1715"]
[PlyCount "113"]
[EventDate "2023.07.22"]
[EventRounds "9"]
[EventCountry "ENG"]

1. e4 Nf6 2. e5 Nd5 3. d4 Nb6 4. f4 d6 5. Nf3 g6 6. Nbd2 Bg7 7. Bd3 O-O 8. O-O
Nc6 9. c3 Bg4 10. h3 Bd7 11. Re1 Nd5 12. Nf1 e6 13. Bd2 Nce7 14. b4 Nf5 15. a4
a6 16. c4 Nde7 17. g4 Nh6 18. Ne3 dxe5 19. fxe5 Bc6 20. Nc2 Qd7 21. Be4 Bxe4
22. Rxe4 Qc6 23. Qe2 b5 24. Bg5 Nc8 25. axb5 axb5 26. Rxa8 Qxa8 27. c5 c6 28.
Re3 Qb7 29. Ra3 Ne7 30. Ne3 Nd5 31. Nxd5 exd5 32. Qa2 Qc8 33. Nh2 Kh8 34. Ra7
Ng8 35. Qa6 Qxa6 36. Rxa6 Rc8 37. Nf3 h6 38. Bf4 Ne7 39. Ra7 Bf8 40. Bxh6 Bxh6
41. Rxe7 Kg8 42. g5 Bg7 43. Ra7 Kf8 44. Kf2 Ke8 45. Nd2 Bf8 46. Nb3 Be7 47. h4
Bd8 48. Kf3 Bc7 49. Kg4 Bb8 50. Ra8 Kd7 51. Na5 Kc7 52. Ra6 Kd7 53. Nb7 Re8 54.
Nd6 Bxd6 55. cxd6 Rh8 56. Ra7+ Ke6 57. Re7#  1-0

[Event "British Chess Championships 2023: Major Open"]
[Site "The Venue, De Montfort University, 20 Western Boulevard, Leicester, LE2 7BU"]
[Date "2023.07.28"]
[Round "7"]
[Board "32"]
[White "Gamage Ranasinghe, Yuman Ranjula"]
[Black "Gonzales, Ceferino"]
[Result "1/2-1/2"]
[WhiteElo "1100"]
[BlackElo "1493"]
[PlyCount "106"]
[EventDate "2023.07.22"]
[EventRounds "9"]
[EventCountry "ENG"]

1. e4 c6 2. d4 d6 3. f4 Nf6 4. Nc3 Qa5 5. Bd2 Qc7 6. Nf3 g6 7. Bc4 b5 8. Bd3
Bg7 9. a3 O-O 10. Qe2 Bg4 11. h3 Bxf3 12. gxf3 e5 13. fxe5 dxe5 14. d5 a6 15.
O-O-O c5 16. Qf2 b4 17. axb4 cxb4 18. Ne2 b3 19. c3 Nbd7 20. Be3 Nh5 21. d6 Qc6
22. Ng3 Nf4 23. Bxf4 exf4 24. Ne2 Rfc8 25. Nxf4 Bh6 26. Qh4 Kg7 27. Kb1 Qa4 28.
Rhg1 Qa2+ 29. Kc1 Qa1+ 30. Bb1 Rxc3+ 31. Kd2 Qxb2+ 32. Ke1 Bxf4 33. Qxf4 Rc5
34. Rg5 Rac8 35. Rxc5 Rxc5 36. Qe3 a5 37. Qd4+ Qxd4 38. Rxd4 Rc1+ 39. Rd1 Rxd1+
40. Kxd1 g5 41. Bd3 Kf8 42. Kc1 f6 43. Kb2 h6 44. Bc4 Nc5 45. Bxb3 Nxb3 46.
Kxb3 Ke8 47. Ka4 Kd7 48. Kxa5 Kxd6 49. Kb5 Ke5 50. Kc5 Kf4 51. Kd5 Kxf3 52. Ke6
h5 53. Kxf6 g4  1/2-1/2

[Event "British Chess Championships 2023: Major Open"]
[Site "The Venue, De Montfort University, 20 Western Boulevard, Leicester, LE2 7BU"]
[Date "2023.07.29"]
[Round "8"]
[Board "1"]
[White "Lewis, Andrew P"]
[Black "Clarke, Brandon Gi"]
[Result "1/2-1/2"]
[WhiteElo "2235"]
[BlackElo "2486"]
[PlyCount "98"]
[EventDate "2023.07.22"]
[EventRounds "9"]
[EventCountry "ENG"]

1. Nf3 Nf6 2. c4 g6 3. g3 Bg7 4. Bg2 O-O 5. O-O c5 6. d4 d6 7. Nc3 Nc6 8. dxc5 dxc5
9. Be3 Be6 10. Qa4 Nd4 11. Bxd4 cxd4 12. Nb5 Nd7 13. Nfxd4 Nb6 14. Nxe6 Nxa4 15.
Nxd8 Rfxd8 16. Bxb7 Rab8 17. Bf3 a6 18. Na7 Rxb2 19. Nc6 Re8 20. e3 Bf6 21. Rab1
Rxa2 22. Nb4 Ra3 23. Nxa6 Rc8 24. Rb8 Rxb8 25. Nxb8 Rc3 26. Nd7 Rxc4 27. Nxf6+ exf6
28. Ra1 f5 29. h4 Kg7 30. Kg2 Rb4 31. Bc6 Nc5 32. Bd5 Nd3 33. Rd1 Ne5 34. Rd2 h6
35. Kf1 Kf6 36. Kg2 Rb1 37. Ba2 Rc1 38. Rd6+ Ke7 39. Rd2 f6 40. Bg8 h5 41. Ba2 Rc3
42. Bd5 Nd3 43. Kf1 g5 44. Bf3 Ne5 45. Be2 Rc1+ 46. Rd1 Rc2 47. hxg5 fxg5 48. Bd3
Nxd3 49. Kg2 Ke6  1/2-1/2

[Event "British Chess Championships 2023: Major Open"]
[Site "The Venue, De Montfort University, 20 Western Boulevard, Leicester, LE2 7BU"]
[Date "2023.07.29"]
[Round "8"]
[Board "2"]
[White "Verma, Aditya"]
[Black "Sanger, Jake M"]
[Result "1/2-1/2"]
[WhiteElo "2138"]
[BlackElo "1933"]
[PlyCount "74"]
[EventDate "2023.07.22"]
[EventRounds "9"]
[EventCountry "ENG"]

1. e4 c5 2. Nf3 Nc6 3. Bb5 g6 4. O-O Bg7 5. Bxc6 bxc6 6. Re1 Nh6 7. d3 O-O 8. h3
d6 9. c3 f6 10. a4 Nf7 11. Be3 Qc7 12. d4 cxd4 13. cxd4 g5 14. Qc2 g4 15. hxg4 Bxg4
16. Nbd2 Kh8 17. Rec1 Rac8 18. b4 Qd7 19. Ra3 Bxf3 20. Nxf3 Qg4 21. Rc3 Rg8 22. Ne1
Rb8 23. Rxc6 Rxb4 24. Rc7 Bf8 25. Rxa7 Ng5 26. Bxg5 Qxg5 27. Qc3 Rxd4 28. Qxd4 Qxc1
29. Kf1 Rg4 30. Ra8 Rh4 31. Rxf8+ Kg7 32. g3 Rh1+ 33. Kg2 Qxe1 34. Re8 Rh6 35. Kf3
Qh1+ 36. Ke3 Qh5 37. Kd3 Qg5  1/2-1/2

[Event "British Chess Championships 2023: Major Open"]
[Site "The Venue, De Montfort University, 20 Western Boulevard, Leicester, LE2 7BU"]
[Date "2023.07.29"]
[Round "8"]
[Board "3"]
[White "Sedykh, Mikhail"]
[Black "Verma, Shlok"]
[Result "1-0"]
[WhiteElo "2084"]
[BlackElo "2000"]
[PlyCount "121"]
[EventDate "2023.07.22"]
[EventRounds "9"]
[EventCountry "ENG"]

1. e4 e6 2. d4 d5 3. Nd2 dxe4 4. Nxe4 Nd7 5. Bd3 Ngf6 6. Qe2 Be7 7. Be3 O-O 8. Nxf6+
Nxf6 9. O-O-O c5 10. Nf3 Qc7 11. h4 a6 12. h5 b5 13. dxc5 Bb7 14. Kb1 Bxc5 15. Bg5
Be7 16. Ne5 Nd5 17. Bxe7 Qxe7 18. Qg4 h6 19. Rhe1 Qb4 20. Qxb4 Nxb4 21. Be4 Bxe4
22. Rxe4 Nd5 23. Red4 Rfc8 24. g4 Rc5 25. f4 Rac8 26. c3 Re8 27. Re1 Nb6 28. Rd6
Rb8 29. Red1 Rcc8 30. a3 Re8 31. Nc6 Rb7 32. Nb4 a5 33. Nc6 Nc4 34. Rd8 Rxd8 35.
Rxd8+ Kh7 36. b3 Ne3 37. Nxa5 Rc7 38. Kb2 Nd5 39. c4 bxc4 40. Nxc4 Nxf4 41. a4 f5
42. gxf5 exf5 43. Rf8 Nxh5 44. Rxf5 g5 45. a5 Kg6 46. Rf1 Nf4 47. Ne5+ Kf5 48. Nd3
Ke4 49. Nxf4 gxf4 50. b4 Rf7 51. a6 Kd5 52. Ra1 Ra7 53. Kb3 Kc6 54. Kc4 Kb6 55. b5
Rc7+ 56. Kd3 f3 57. Ke3 Rf7 58. Kf2 Ka7 59. Ra3 Rf5 60. b6+ Ka8 61. Rxf3  1-0

[Event "British Chess Championships 2023: Major Open"]
[Site "The Venue, De Montfort University, 20 Western Boulevard, Leicester, LE2 7BU"]
[Date "2023.07.29"]
[Round "8"]
[Board "4"]
[White "Salmons, Calum"]
[Black "Brewer, Callum D"]
[Result "1-0"]
[WhiteElo "1977"]
[BlackElo "2132"]
[PlyCount "129"]
[EventDate "2023.07.22"]
[EventRounds "9"]
[EventCountry "ENG"]

1. e4 c6 2. d4 d5 3. Nc3 dxe4 4. Nxe4 Nf6 5. Nxf6+ exf6 6. c3 Bd6 7. Bd3 O-O 8. Qc2
Re8+ 9. Ne2 h5 10. O-O h4 11. h3 Nd7 12. Re1 Nf8 13. Be3 Be6 14. Rad1 Qd7 15. Nf4
g6 16. a4 Rad8 17. d5 Bf5 18. dxc6 Qc7 19. Nh5 Bxd3 20. Nxf6+ Kh8 21. Rxd3 Re6 22.
Nd5 Qxc6 23. Bd4+ Kg8 24. Nf6+ Kg7 25. Ng4+ Kh7 26. Red1 Be7 27. Qd2 g5 28. Ne5 Qe8
29. f4 f6 30. Nf3 Qg6 31. Bxa7 Rxd3 32. Qxd3 Qxd3 33. Rxd3 Ra6 34. Be3 gxf4 35. Bxf4
Rxa4 36. Bd6 Bxd6 37. Rxd6 Ra1+ 38. Kf2 Rc1 39. Rxf6 Ng6 40. Rd6 b5 41. Rd4 Kg7 42.
Nxh4 Ne5 43. Rd5 Rc2+ 44. Kg3 Nc4 45. Rxb5 Nxb2 46. Rc5 Na4 47. Rc7+ Kf6 48. c4 Nb2
49. Nf3 Nxc4 50. Rc6+ Kg7 51. Ne5 Ne3 52. Rxc2 Nxc2 53. Kf4 Nd4 54. g4 Ne6+ 55. Kf5
Nd4+ 56. Ke4 Ne6 57. h4 Kf6 58. Nd3 Nd8 59. Nc5 Nf7 60. Kf4 Kg6 61. Ne4 Nd8 62. g5
Kh5 63. Kf5 Nf7 64. Kf6 Nh8 65. Kg7  1-0

[Event "British Chess Championships 2023: Major Open"]
[Site "The Venue, De Montfort University, 20 Western Boulevard, Leicester, LE2 7BU"]
[Date "2023.07.29"]
[Round "8"]
[Board "5"]
[White "Atako, Chino C"]
[Black "Badacsonyi, Stanley"]
[Result "1-0"]
[WhiteElo "2009"]
[BlackElo "1976"]
[PlyCount "75"]
[EventDate "2023.07.22"]
[EventRounds "9"]
[EventCountry "ENG"]

1. e4 e6 2. d4 d5 3. Nd2 Nf6 4. e5 Nfd7 5. c3 c5 6. f4 Nc6 7. Ndf3 Qb6 8. a3 a5 9.
h4 Be7 10. h5 cxd4 11. cxd4 f6 12. Bd3 f5 13. Ne2 Nf8 14. b3 Rg8 15. Kf2 Bd7 16.
Be3 O-O-O 17. Nc3 Kb8 18. b4 axb4 19. axb4 Nxb4 20. Na4 Nxd3+ 21. Qxd3 Qb5 22. Qd2
Qxa4 23. Rxa4 Bxa4 24. Ra1 Bc6 25. Qa5 Kc8 26. Bd2 Kd7 27. Bb4 Bxb4 28. Qxb4 h6 29.
Nh4 Kc7 30. Qe7+ Rd7 31. Qe8 Rd8 32. Qf7+ Nd7 33. Qxe6 Nb6 34. Ng6 Rge8 35. Qxf5
Nc4 36. Ra2 Ra8 37. Qf7+ Kb6 38. Re2  1-0

[Event "British Chess Championships 2023: Major Open"]
[Site "The Venue, De Montfort University, 20 Western Boulevard, Leicester, LE2 7BU"]
[Date "2023.07.29"]
[Round "8"]
[Board "6"]
[White "Pink, Joshua"]
[Black "Nelson, Jonathan P"]
[Result "1/2-1/2"]
[WhiteElo "1890"]
[BlackElo "2175"]
[PlyCount "80"]
[EventDate "2023.07.22"]
[EventRounds "9"]
[EventCountry "ENG"]

1. e4 d6 2. d4 Nf6 3. f3 e5 4. dxe5 dxe5 5. Qxd8+ Kxd8 6. Bc4 Be6 7. Bxe6 fxe6 8.
Nh3 Bd6 9. Be3 Nc6 10. c3 Ke7 11. Nd2 a6 12. Nf2 h6 13. O-O-O b5 14. Nd3 Nd7 15.
Nb3 a5 16. Kb1 Nb6 17. Nd2 Rhb8 18. Rhf1 a4 19. f4 Nc4 20. Bc5 Bxc5 21. Nxc4 bxc4
22. Nxc5 Rd8 23. f5 exf5 24. exf5 Rxd1+ 25. Rxd1 Rd8 26. Rxd8 Nxd8 27. Nxa4 Nb7 28.
Kc2 Kf6 29. Kd2 Kxf5 30. Ke3 e4 31. b4 cxb3 32. axb3 Ke5 33. Nb2 Nd6 34. g4 g6 35.
c4 h5 36. h3 hxg4 37. hxg4 Ne8 38. Nd1 c5 39. Nf2 Nd6 40. Nd1 Ne8  1/2-1/2

[Event "British Chess Championships 2023: Major Open"]
[Site "The Venue, De Montfort University, 20 Western Boulevard, Leicester, LE2 7BU"]
[Date "2023.07.29"]
[Round "8"]
[Board "7"]
[White "Gopakumar, Siddharth"]
[Black "Dilley, Jason M"]
[Result "0-1"]
[WhiteElo "1888"]
[BlackElo "2034"]
[PlyCount "60"]
[EventDate "2023.07.22"]
[EventRounds "9"]
[EventCountry "ENG"]

1. e4 g6 2. d4 Bg7 3. Nc3 d6 4. Be3 c6 5. a4 Nd7 6. Qd2 Qa5 7. h4 h5 8. f3 a6 9.
Rb1 Qb4 10. b3 e6 11. Nd1 Qxd2+ 12. Kxd2 Ne7 13. Bd3 e5 14. c3 d5 15. f4 dxe4 16.
Bxe4 exd4 17. Bxd4 Bxd4 18. cxd4 Nf6 19. Bf3 Be6 20. Ne3 O-O-O 21. Ne2 Nfd5 22. Bxd5
Nxd5 23. g3 Nxe3 24. Kxe3 Rhe8 25. Kf2 Bg4 26. Rhe1 Bxe2 27. Rxe2 Rxe2+ 28. Kxe2
Rxd4 29. b4 a5 30. b5 Rxa4  0-1

[Event "British Chess Championships 2023: Major Open"]
[Site "The Venue, De Montfort University, 20 Western Boulevard, Leicester, LE2 7BU"]
[Date "2023.07.29"]
[Round "8"]
[Board "8"]
[White "Raju, Sooraj Menothuparambil"]
[Black "Sugden, John N"]
[Result "1-0"]
[WhiteElo "1861"]
[BlackElo "1977"]
[PlyCount "107"]
[EventDate "2023.07.22"]
[EventRounds "9"]
[EventCountry "ENG"]

1. e4 c5 2. Nc3 Nc6 3. g3 g6 4. Bg2 Bg7 5. f4 d6 6. d3 e6 7. Nf3 Nge7 8. O-O O-O
9. Be3 Nd4 10. Rb1 Rb8 11. Ne2 Nxf3+ 12. Bxf3 b6 13. h4 d5 14. Qe1 Bb7 15. h5 f5
16. hxg6 hxg6 17. exf5 d4 18. Bxb7 Rxb7 19. Bf2 exf5 20. b4 Qc7 21. bxc5 bxc5 22.
Rxb7 Qxb7 23. c4 Kf7 24. g4 Qf3 25. gxf5 Nxf5 26. Qd1 Ne3 27. Bxe3 Qxe3+ 28. Kg2
Kg8 29. Rf3 Qe6 30. Ng3 Bh6 31. f5 gxf5 32. Rxf5 Qc6+ 33. Qf3 Qxf3+ 34. Kxf3 Rc8
35. Ne4 Bf8 36. Nf6+ Kg7 37. Ke4 Be7 38. Nd7 Rc7 39. Ne5 Bf8 40. Rg5+ Kh6 41. Rg6+
Kh7 42. Kd5 Bg7 43. Ra6 Bf8 44. Nc6 Rd7+ 45. Ke5 Rd6 46. Rxa7+ Kg6 47. Nb8 Rd8 48.
Nd7 Bg7+ 49. Kd5 Bf8 50. a4 Kf5 51. Kc6 Be7 52. Nb6 Ke6 53. Rxe7+ Kxe7 54. a5  1-0

[Event "British Chess Championships 2023: Major Open"]
[Site "The Venue, De Montfort University, 20 Western Boulevard, Leicester, LE2 7BU"]
[Date "2023.07.29"]
[Round "8"]
[Board "9"]
[White "Dicen, Elis Denele"]
[Black "Babu, Rahul"]
[Result "1-0"]
[WhiteElo "1925"]
[BlackElo "1846"]
[PlyCount "53"]
[EventDate "2023.07.22"]
[EventRounds "9"]
[EventCountry "ENG"]

1. d4 Nf6 2. c4 c6 3. Nf3 d5 4. Nc3 e6 5. cxd5 exd5 6. Bg5 Be7 7. Qc2 O-O 8. e3 Nbd7
9. Bd3 Re8 10. O-O Nf8 11. Rab1 Ne4 12. Bf4 g5 13. Bg3 h5 14. h3 Nxg3 15. fxg3 Be6
16. Qf2 Kg7 17. Rbe1 g4 18. hxg4 hxg4 19. Nh2 Bg5 20. Bf5 Qd7 21. Bxe6 Qxe6 22. e4
dxe4 23. Rxe4 Be3 24. Qxe3 Qd7 25. Qg5+ Ng6 26. Nxg4 Rxe4 27. Qh6+  1-0